Представление документа в формате MARC21

ПолеНазваниеЗначение
  Тип записи a
  Библиографический уровень m
001 Контрольный номер BIBLIOCLUB\0000699936
005 Дата корректировки 20260430154852.9
006 m o d
007 Элементы данных для физической характеристики c|||||||||||||
008 Кодируемые данные s2020 rus o rus d
020 Индекс ISBN __
a ISBN 978-5-7882-2958-4
041 Код языка издания 0_
a Код языка текста rus
084 Индекс другой классификации/Индекс ББК __
a Индекс другой классификации/Индекс ББК 68.4я73
b Номер единицы LBC/PL
2 Источник индекса rubbk
084 Индекс другой классификации/Индекс ББК __
a Индекс другой классификации/Индекс ББК 75.1я73
b Номер единицы LBC/PL
2 Источник индекса rubbk
100 Автор 1_
a Автор Куршев А. В.
245 Заглавие 10
a Заглавие Методика развития физических качеств студентов вузов, проходящих военное обучение
b Продолж. заглавия учебное пособие
c Ответственность А. В. Куршев
c Ответственность Казанский национальный исследовательский технологический университет
260 Выходные данные __
a Место издания Казань
b Издательство Казанский национальный исследовательский технологический университет (КНИТУ)
c Дата издания 2020
300 Физическое описание __
a Объем 96 с.
b Иллюстрации/ тип воспроизводства ил., табл.
653 Ключевые слова 1_
a Ключевые слова Учебник для высшей школы
856 Электронный адрес документа 40
3 Область применения данных поля Университетская библиотека ONLINE
u URL https://biblioclub.ru/index.php?page=book&id=699936
900 Электронные ресурсы __
a Имя электронного ресурса https://img.biblioclub.ru/sm_cover/70e9aa48f1fb19df978acba39141bdfdxaf8905gui/cover.jpg